ঈশ্বরচন্দ্র বিদ্যাসাগর, দীনবন্ধু মিত্র, প্যারিচাঁদ মিত্র / (Record no. 3761)
[ view plain ]
| 000 -LEADER | |
|---|---|
| fixed length control field | 00943nam a2200229 a 4500 |
| 001 - CONTROL NUMBER | |
| JCCL Control Number | 3761 |
| 003 - CONTROL NUMBER IDENTIFIER | |
| JCCL marc code | BD-JhCC |
| 005 - DATE AND TIME OF LATEST TRANSACTION | |
| control field | 20180305162812.0 |
| 008 - FIXED-LENGTH DATA ELEMENTS--GENERAL INFORMATION | |
| fixed length control field | 171118s1362 ii |||| ||a| 000 0 ben d |
| 035 ## - SYSTEM CONTROL NUMBER | |
| system control number | (BD-JhCC)3761 |
| 040 ## - CATALOGING SOURCE | |
| Original cataloging agency | BD-JhCC |
| Modifying agency | BD-JhCC |
| 041 ## - LANGUAGE CODE | |
| Language code of Book | ben |
| 082 ## - DEWEY DECIMAL CLASSIFICATION NUMBER | |
| Classification number | 491.4414 |
| Author mark and Year | BAN 1362 |
| 100 ## - MAIN ENTRY--PERSONAL NAME | |
| Personal name | বন্দোপাধ্যায়, ব্রজেন্দ্রনাথ |
| 245 ## - TITLE STATEMENT | |
| Title | ঈশ্বরচন্দ্র বিদ্যাসাগর, দীনবন্ধু মিত্র, প্যারিচাঁদ মিত্র / |
| Statement of responsibility, etc | ব্রজেন্দ্রনাথ বন্দোপাধ্যায়, |
| 260 ## - PUBLICATION, DISTRIBUTION, ETC. (IMPRINT) | |
| Place of publication, distribution, etc | কলিকাতা : |
| Name of publisher, distributor, etc | বঙ্গীয় সাহিত্য পরিষদ, |
| Date of publication, distribution, etc | 1362 |
| 300 ## - PHYSICAL DESCRIPTION | |
| Pagination | 275 p. : |
| Dimensions | 18 cm. |
| 490 ## - SERIES STATEMENT | |
| Series statement | সাহিত্য-সাধক-চরিতমালা |
| 650 ## - SUBJECT ADDED ENTRY--TOPICAL TERM | |
| Topical term or geographic name as entry element | Bengali Literature |
| 942 ## - ADDED ENTRY ELEMENTS (KOHA) | |
| Source of classification or shelving scheme | Dewey Decimal Classification |
| Koha item type | Books |
| Source of classification or shelving scheme | Damaged status | Not for loan | Home library | Current library | Shelving location | Date of accession | Total Checkouts | Full call number | Barcode | Date last seen | Copy number | Koha item type |
|---|---|---|---|---|---|---|---|---|---|---|---|---|
| Dewey Decimal Classification | JCC Rouf Library | JCC Rouf Library | General Stacks | 11/18/2017 | 491.4414 BAN 1362 | 4135 | 11/18/2017 | C-1 | Books |